| 000 | 00927cam a2200301 a 4500 | ||
|---|---|---|---|
| 001 | 1853487 | ||
| 003 | OSt | ||
| 005 | 20230704115907.0 | ||
| 008 | 820401s1981 fr b b 001 0 eng | ||
| 010 | _a 81205329 | ||
| 015 | _aF*** | ||
| 020 | _a2865840026 (pbk.) | ||
| 040 |
_aDLC _cDLC _dDLC |
||
| 043 |
_aa-iq--- _aa-ir--- |
||
| 082 | 0 | 0 |
_a341.505 _bFIR |
| 245 | 0 | 4 |
_aThe Iraq-Iran conflict / _c[Institute of Studies and Research, Editions du Monde arabe]. |
| 250 | _a1st ed. | ||
| 260 |
_aParis : _bEditions du Monde arabe, _c1981. |
||
| 300 |
_a335 p. : _bmaps ; _c21 cm. |
||
| 500 | _aEditor-in-chief, Nicola Firzli. | ||
| 500 | _aIncludes index. | ||
| 504 | _aBibliography: p. 319-322. | ||
| 650 | 0 | _aIran-Iraq War, 1980-1988. | |
| 700 | 1 | _aFirzli, Nicola. | |
| 710 | 2 |
_aEditions du Monde arabe. _bInstitute of Studies and Research. |
|
| 906 |
_a7 _bcbc _corignew _d2 _encip _f19 _gy-gencatlg |
||
| 942 |
_2ddc _cBK |
||
| 999 |
_c3766 _d3766 |
||